[Event "Camaguey 504 Anniv Escolar"]
[Site "Camaguey"]
[Date "2018.??.??"]
[Round "5.2"]
[White "Morell Fuentes, Analia"]
[Black "Croza Sanchez, Helen De la Carid"]
[Result "1-0"]
[WhiteElo "1553"]
[BlackElo "1359"]
[PlyCount "25"]
[EventDate "2018.02.01"]
[EventType "team-tourn"]
[EventRounds "7"]
[EventCountry "CUB"]
[SourceTitle "EXT 2021"]
[Source "ChessBase"]
[SourceDate "2020.10.23"]
[SourceVersion "1"]
[SourceVersionDate "2020.10.23"]
[SourceQuality "1"]

1. e4 e5 2. Nf3 Nc6 3. d4 Bd6 4. dxe5 Nxe5 5. Nxe5 Bxe5 6. Bd3 Nf6 7. c3 0-0 8. f4 Bd6 9. e5 Bc5 10. exf6 Qxf6 11. Qh5 Re8+ 12. Kd1 h6 13. Qxc5 1-0